=LDR 00000nam 2200000 4500 =001 INLIS000000000036329 =005 20130612142126 =008 ***********************************Ind** =035 ##$$a0010-061300000036329 =041 ##$$a Ind =082 ##$$a 813 =090 ##$$a 813, Sur s =100 ##$$a Suryani, Amalia =245 ##$$a 100 jam, Amalia Suryani =260 ##$$a 2009 $b Jakarta =300 ##$$a 231 hlm, 20 cm =650 ##$$a Fiksi Indonesia =850 ##$$a NBPNMAT =990 ##$$a 92439/BPAP-NTB/2014